| 000 | 00749cam a2200229 04500 | ||
|---|---|---|---|
| 001 | 6053 | ||
| 090 | _a6053 | ||
| 100 | _a20211231d1986 m||y0pory5003 ba | ||
| 200 | 1 |
_aO gato das botas _fcontado por Bruno de la Salle _gil. Laurence Batigne _gtrad. Maria Manuel Ortigão de Oliveira |
|
| 210 | 9 |
_a[Porto] _cLello & Irmão, _dimp. 1986 |
|
| 215 |
_a27 p. _cmuito il. _d25 cm |
||
| 225 | 2 | _aContos de sempre | |
| 606 |
_914 _aLiteratura infantil |
||
| 606 |
_913 _aLiteratura Estrangeira |
||
| 675 |
_a82-93 _vBN _zpor |
||
| 675 |
_a821.1/.8 _vBN _zpor |
||
| 700 |
_aLa Salle _bBruno de _95741 |
||
| 702 |
_aBatigne _bLaurence _95742 |
||
| 702 |
_aOliveira _bMaria Manuel Ortigão de _95154 |
||
| 801 | 0 |
_aPT _bBMVN _gRPC |
|
| 830 |
_cAna Caetano _d31/12/2021 |
||
| 990 | _cLIVROS | ||